Welcome to the Holygrace Academy Library

Please use search bar below to get started

THE COBRA (Record no. 3144)

MARC details
000 -LEADER
fixed length control field 00619nam a22001457a 4500
020 ## - INTERNATIONAL STANDARD BOOK NUMBER
ISBN 978-0-552-15991-3
082 ## - DEWEY DECIMAL CLASSIFICATION NUMBER
Classification number 823
Item number FOR/C
100 ## - MAIN ENTRY--AUTHOR NAME
Personal name FORSYTH, FREDERICK
245 ## - TITLE STATEMENT
Title THE COBRA
260 ## - PUBLICATION, DISTRIBUTION, ETC. (IMPRINT)
Place of publication UK
Name of publisher CORGI BOOKS
300 ## - PHYSICAL DESCRIPTION
Number of Pages 396
520 ## - SUMMARY, ETC.
Summary, etc In it, an unnamed Obama-like (said to have a wife named 'Michelle' and a deceased Kenyan father) U.S. President colludes with an unnamed Cameron-like (having a wife named 'Sam') British Prime Minister to put an end to the international cocaine trade and brings in ex-CIA Director Paul Devereaux who is basically given ...
650 ## - SUBJECT ADDED ENTRY--TOPICAL TERM
Topical Term ENGLISH- NOVEL
Geographic subdivision UK
942 ## - ADDED ENTRY ELEMENTS (KOHA)
Koha item type Books
Holdings
Withdrawn status Lost status Collection code Home library Current library Shelving location Date acquired Source of acquisition Cost, normal purchase price Full call number Accession Number Koha item type
    Fiction Main Library Main Library SHELF-2-I ENGLIAH NOVEL TEACHERS 06/08/2011 PURCHASE 299.00 823 FOR/C 05577 Books